| 000 | 01007nam a2200181Ia 4500 | ||
|---|---|---|---|
| 008 | 090124s9999 xx 000 0 und d | ||
| 082 |
_b31419 _a4301 |
||
| 100 | _aगस्ती भीमराव | ||
| 245 | _a आक्रोश (बेरड समाज व देवदासीच्या व्यथा वेशीवर टांगणाऱ्या चळवळीची सत्यकथा) | ||
| 250 | _a2 | ||
| 260 | _c2002 | ||
| 300 | _a391 | ||
| 600 | _aगस्ती भीमराव | ||
| 630 | _a आक्रोश (बेरड समाज व देवदासीच्या व्यथा वेशीवर टांगणाऱ्या चळवळीची सत्यकथा) | ||
| 700 | _aगस्ती भीमराव | ||
| 730 | _a आक्रोश (बेरड समाज व देवदासीच्या व्यथा वेशीवर टांगणाऱ्या चळवळीची सत्यकथा) | ||
| 942 | _cBOOK | ||
| 999 |
_c144898 _d144898 |
||